01221naa#a2200241#i#4500001001600000005001700016011001400033100004100047101000800088102000700096200022300103210013900326215001100465608004500476675008000521686008000601700005200681700005800733700006200791700005400853700005400907856001800961RU\\bibl\12360920260608003317.1##a2076-0655##a20260529b2026####ek#y0rusy0150####ca0#aRUS##aRU1#aТЕПЛОИЗОЛЯЦИОННЫЙ КОМПОЗИЦИОННЫЙ МАТЕРИАЛ НА ОСНОВЕ СИЛИКАТА НАТРИЯ И ПЕНОПОЛИУРЕТАНОВОЙ МАТРИЦЫeЖурнальная статья1#aМоскваcИндивидуальный Предприниматель Самченко Светлана Васильевнаd2026##a12 с.##aЖурнальная статья2local##aПластмассы. Полимерные материалы. 691.175zRUS##aСтроительные материалы и изделия. 67.092grnti#1aЛипкаgПётр Александрович#1aБорисенковgНикита Сергеевич#1aМироноваgКсения Александровна#1aЧесноковаgДиана Сергеевна#1aБруякоgМихаил Герасимович4#atsilicates.ru